| 000 | 00752nam a22002297a 4500 | ||
|---|---|---|---|
| 005 | 20180528130157.0 | ||
| 010 | _aB-689577 | ||
| 020 |
_a9789380658742 _c325.00 |
||
| 035 | _aB-689577 | ||
| 037 | _bPansy Books/CL/RP | ||
| 037 | _bR.K.Books | ||
| 082 | _aN | ||
| 100 | _aTripathi, Amish | ||
| 245 |
_aThe immortals of meluha / _cby Amish Tripathi |
||
| 260 |
_aChennai _bWestland _c2017 |
||
| 270 |
_a61, II Floor, Silverline Building, Alapakkam Main Road, Maduravoyal _bChennai _e600095 |
||
| 300 | x |
_axviii, 417p. _c21cm(pbk) |
|
| 490 | _aShiva trilogy 1 | ||
| 942 |
_2ddc _cEN _mTRI _hN |
||
| 999 |
_c149716 _d149716 |
||